<?xml version="1.0" encoding="UTF-8"?><?xml-stylesheet type="text/xsl" href="static/style.xsl"?><OAI-PMH xmlns="http://www.openarchives.org/OAI/2.0/" xmlns:xsi="http://www.w3.org/2001/XMLSchema-instance" xsi:schemaLocation="http://www.openarchives.org/OAI/2.0/ http://www.openarchives.org/OAI/2.0/OAI-PMH.xsd"><responseDate>2026-04-13T02:29:55Z</responseDate><request verb="GetRecord" identifier="oai:www.recercat.cat:2445/166451" metadataPrefix="marc">https://recercat.cat/oai/request</request><GetRecord><record><header><identifier>oai:recercat.cat:2445/166451</identifier><datestamp>2025-12-05T11:46:27Z</datestamp><setSpec>com_2072_1057</setSpec><setSpec>col_2072_478826</setSpec><setSpec>col_2072_478917</setSpec></header><metadata><record xmlns="http://www.loc.gov/MARC21/slim" xmlns:dcterms="http://purl.org/dc/terms/" xmlns:xsi="http://www.w3.org/2001/XMLSchema-instance" xmlns:doc="http://www.lyncode.com/xoai" xsi:schemaLocation="http://www.loc.gov/MARC21/slim http://www.loc.gov/standards/marcxml/schema/MARC21slim.xsd">
   <leader>00925njm 22002777a 4500</leader>
   <datafield ind2=" " ind1=" " tag="042">
      <subfield code="a">dc</subfield>
   </datafield>
   <datafield ind2=" " ind1=" " tag="720">
      <subfield code="a">Gil Alonso, Fernando</subfield>
      <subfield code="e">author</subfield>
   </datafield>
   <datafield ind2=" " ind1=" " tag="720">
      <subfield code="a">Bayona, Jordi</subfield>
      <subfield code="e">author</subfield>
   </datafield>
   <datafield ind2=" " ind1=" " tag="720">
      <subfield code="a">Pujadas, Isabel, 1949-</subfield>
      <subfield code="e">author</subfield>
   </datafield>
   <datafield ind2=" " ind1=" " tag="260">
      <subfield code="c">2020-06-22T13:10:36Z</subfield>
   </datafield>
   <datafield ind2=" " ind1=" " tag="260">
      <subfield code="c">2020-06-22T13:10:36Z</subfield>
   </datafield>
   <datafield ind2=" " ind1=" " tag="260">
      <subfield code="c">2015</subfield>
   </datafield>
   <datafield ind2=" " ind1=" " tag="260">
      <subfield code="c">2020-06-22T13:10:36Z</subfield>
   </datafield>
   <datafield ind2=" " ind1=" " tag="520">
      <subfield code="a">[spa] El artículo analiza las modificaciones que han experimentado los patrones de migración interna de la población extranjera a causa de la crisis económica, y los compara con los existentes antes de ésta. Los resultados de la investigación, utilizando la Estadística de Variaciones Residenciales, muestran: 1) el descenso de la importancia en términos absolutos y relativos de las migraciones internas de los extranjeros; 2) la existencia de diferencias remarcables en las tasas de migración interna, y en la importancia de la caída, según la nacionalidad; y 3) cambios importantes en los patrones geográficos preexistentes respecto a las provincias emisoras y receptoras de migrantes extranjeros.</subfield>
   </datafield>
   <datafield ind2=" " ind1=" " tag="520">
      <subfield code="a">[eng] The article analyses foreign population's internal migration pattern changes due to the effect of the economic crisis. Estadística de Variaciones Residenciales (Residential Variations Statistics) flow data are used to this end. Main results shows that: 1) due to the crisis, both are remarkable differences among foreign citizen groups both in terms of internal migration rates and regarding the importance of the decline; and 3) geographical patterns have been deeply modified, as some of the provinces that attracted internal migrants before the crisis now expel them, and vice versa.</subfield>
   </datafield>
   <datafield tag="653" ind2=" " ind1=" ">
      <subfield code="a">Migració interna</subfield>
   </datafield>
   <datafield tag="653" ind2=" " ind1=" ">
      <subfield code="a">Estrangers</subfield>
   </datafield>
   <datafield tag="653" ind2=" " ind1=" ">
      <subfield code="a">Migració (Població)</subfield>
   </datafield>
   <datafield tag="653" ind2=" " ind1=" ">
      <subfield code="a">Crisi econòmica, 2008-2009</subfield>
   </datafield>
   <datafield tag="653" ind2=" " ind1=" ">
      <subfield code="a">Espanya</subfield>
   </datafield>
   <datafield tag="653" ind2=" " ind1=" ">
      <subfield code="a">Internal migration</subfield>
   </datafield>
   <datafield tag="653" ind2=" " ind1=" ">
      <subfield code="a">Foreigner</subfield>
   </datafield>
   <datafield tag="653" ind2=" " ind1=" ">
      <subfield code="a">Migration (Population)</subfield>
   </datafield>
   <datafield tag="653" ind2=" " ind1=" ">
      <subfield code="a">Global Financial Crisis, 2008-2009</subfield>
   </datafield>
   <datafield tag="653" ind2=" " ind1=" ">
      <subfield code="a">Spain</subfield>
   </datafield>
   <datafield ind2="0" ind1="0" tag="245">
      <subfield code="a">Las migraciones internas de los extranjeros en España. Dinámicas espaciales recientes bajo el impacto de la crisis</subfield>
   </datafield>
</record></metadata></record></GetRecord></OAI-PMH>